Statistiques concernant Culture cinématographique - Série 05

Cliquez ici pour prendre le quiz!

Statistiques générales

  • Ce quiz a été pris 129 fois
  • Le résultat moyen est 6 sur 10

Statistiques - réponses

QuestionRéponse% Correct
Dans la série des films "Rambo" réalisés par Ted Kotcheff dans les années 80, qui incarnait le rôle de " John Rambo" ?Sylvester Stallone
94%
Dans le film "Braveheart" réalisé par Mel Gibson en 1995, qui incarnait " William Wallace" ?Mel Gibson
85%
Dans le film "Rio Bravo" réalisé par Howard Hawks en 1959, qui incarnait le rôle de " John T. Chance, Shérif" ?John Wayne
72%
Dans le film "Les rivières pourpres" réalisé par Mathieu Kassovitz en 2000, qui incarnait le rôle du "Commissaire Pierre Niemans" ?Jean Reno
70%
Dans le film "Le mur de l'Atlantique" réalisé par Marcel Camus en 1970, qui incarnait le rôle de "Léon Duchemin" ?André Bourvil
65%
Dans le film "Subway" réalisé par Luc Besson en 1985, qui incarnait le rôle de "Helena" ?Isabelle Adjani
60%
Dans le film "Fenêtre sur cour" réalisé par Alfred Hitchcock en 1954, qui incarnait le rôle de " Roger Tréville un aveugle" ?James Stewart
48%
Dans le film "Le mépris" réalisé par Jean-Luc Godard en 1963, qui incarnait "Paul Javal" ?Michel Piccoli
44%
Dans le film "Le passager de la pluie" réalisé par René Clément en 1970, qui incarnait le rôle de " Mélancolie Mau" ?Marlène Jobert
31%
Dans le film "Le trou" réalisé par Jacques Becker en 1960, qui incarnait " Geo Cassine" ?Michel Constantin
11%

Distribution des résultats

Percentile par nombre de réponses

% des personnes avec chaque résultat

Votre développement - résultats

Vous n’avez pas pris ce quiz